Statistiques concernant Les sports les plus rapides

Cliquez ici pour prendre le quiz!

Statistiques générales

  • Ce quiz a été pris 493 fois
  • Le résultat moyen est 8 sur 14

Statistiques - réponses

Sport% Correct
Tennis
92%
Football
87%
Badminton
76%
Tennis de table
76%
Balle
67%
Baseball
63%
Ballon
61%
Volant
54%
Golf
49%
Hockey sur glace
48%
Cricket
38%
Squash
36%
Palet
33%
Jaï Alaï
1%

Distribution des résultats

Percentile par nombre de réponses

% des personnes avec chaque résultat

Votre développement - résultats

Vous n’avez pas pris ce quiz